C.H.P. 1947-1948 Ankara İl Kongresine sunulan dilekler (Record no. 1890)

MARC details
000 -BAŞLIK
Sabit Uzunlukta Kontrol Alanı 00853na a2200265 4500
001 - KONTROL NUMARASI
Denetim Alanı 18140
003 - KONTROL NUMARASI IDENTIFIER
Denetim Alanı MIRAKIL
005 - SON İŞLEM TARİHİ VE ZAMANI
Denetim Alanı 20181213154838.0
008 - SABİT-BOY VERİ ELEMANLARI - GENEL BİLGİLER
Sabit Uzunlukta Kontrol Alanı 161111b tu 000 0
035 ## - SİSTEM KONTROL NUMARASI
Sistem Kontrol Numarası 18140
040 ## - KATALOGLAMA KAYNAK
Orijinal Kataloglama Ajansı Milas
Kataloglama Dili tur
Metne Dönüştürmek Ajansı TR-AnCHP
041 ## - DİL KODU
Metin / Ses Parça Veya Ayrı Başlığın Dil Kodu tur
082 ## - DEWEY ONLU SINIFLANDIRMA NUMARASI
Sınıflandırma Numarası CHP 324.2372
Ürün Numarası C36 1948
090 ## - SINIFLAMA NUMARASI
Sınıflama Numarası CHP 324.2372 C36 1948
245 ## - BAŞLIK TABLOSU
Başlık C.H.P. 1947-1948 Ankara İl Kongresine sunulan dilekler
Sorumluluk Tablosu, Vb [CHP]
246 ## - UNVAN FORM VARYING
Başlık Doğru / Kısa Başlığı 1947-1948 Ankara İl Kongresine sunulan dilekler
260 ## - YAYIN, DAĞITIM, VB
Yayın, Dağıtım, Vb Yeri Ankara
Yayıncı, Dağıtıcı, Vs Adı Ulus basımevi
Yayın, Dağıtım, Vb Tarihi 1948
300 ## - FİZİKSEL TANIM
Kapsam 72 s.
Boyutlar 27 sm.
610 ## - KONU KATMA GİRİŞ - TOPLANTI ADI
Giriş Elemanı Olarak Kurumsal Ad Veya Yargı Alanı Adı Cumhuriyet Halk Partisi (CHP)
Genel Alt Bölüm Ankara İl Kongresi
610 ## - KONU KATMA GİRİŞ - TOPLANTI ADI
Giriş Elemanı Olarak Kurumsal Ad Veya Yargı Alanı Adı Cumhuriyet Halk Partisi (CHP)
Genel Alt Bölüm İl kongreleri, 1948
Coğrafi Alt Bölüm Ankara
740 ## - KATMA GİRİŞ - KONTROLSUZ İLGİLİ / ANALİTİK BAŞLIK
Kontrol Edilmeyen / İlgili Analitik Başlıktaki 1947-1948 Ankara İl Kongresine sunulan dilekler
830 ## - SERİSİ EKLENDİ GİRİŞ - ÜNİFORM ADI
Üniforma Başlık CHP yayınları
942 ## - EKLENDİ GİRİŞ ELEMANLARI (KOHA)
Sınıflandırma Veya Raf Düzeni Kaynak Dewey Decimal Classification
Koha Öğesi Türü Books
999 ## - SİSTEM KONTROL NUMARALARI (KOHA)
Koha Biblionumber 1890
Koha Biblioitemnumber 1890
657 ## - INDEX SÜRE - İŞLEVİ
-- CHP Ankara İl Kongresi
Holdings
Kalıcı Konum Mevcut Konum Edinme Tarihi Edinim Kaynak Toplam Check-Out'Lar Tam Çağrı Numarası Barkod Tarih Son Görülme İtibaren Geçerli Fiyatlar Koha Öğesi Türü
CHP Kütüphanesi CHP Kütüphanesi 11/11/2016 Bağış   CHP 324.2372 C36 1948 009416 11/11/2016 11/11/2016 Books